000 01432nas a2200313 c 4500
001 295293
003 BLK
005 20240216163005.0
008 180413b bul rap|r|||| |0| c1bulo|
010 _aPRD00005189000
022 _a0323-9055
040 _aBLK
041 _aBUL
_cBUL
080 _aПартии и движения със социалистически и социалдемократически възгледи. Социалистически и социалдемократически партии. Вж и 327. 323
_b329.14
_x(497.2)
_z329.14(497.2)
110 1 _aБСП
_eРед. кол.: Юрий Борисов - глав. ред. и др.
_9149235
245 1 0 _aНОВО ВРЕМЕ
_bСписание за социални идеи, политика и култура
_cБСП ; Ред. кол.: Юрий Борисов - глав. ред. и др.
_fНачална год. на издаване: Год. 1, № 1 (1897),
_nот тяло:1 до тяло:100
257 _aBGR
260 _bДУМА 2008
_c1897
_fМонтана : ДФ Полимона
300 _c21
310 _cдепозит за: 2016
_eсрок за съхранение: 99
380 _a3
852 _aА 722
856 _qpdf
_u
856 _qpdf
_u
942 _cJOU
_n0
_s1
_03
944 _aCR
_cВася_Ганчева
_k30570
_lМоника Янева
944 _aED
_cВаня_Йорданова
_k26.09.2016
999 _c295293
_d295293
999 _d295293